Lịch sử văn học Xô viết

Na minha lista:
Detalhes bibliográficos
Autor principal: Melich Nubarov
Formato: Livro
Idioma:Undetermined
Publicado em: Hà Nội Giáo Dục 1970
Assuntos:
Tags: Adicionar Tag
Sem tags, seja o primeiro a adicionar uma tag!
Thư viện lưu trữ: Trung tâm Học liệu Trường Đại học Cần Thơ
LEADER 00491nam a2200169Ia 4500
001 CTU_46840
008 210402s9999 xx 000 0 und d
082 |a 891.7009 
082 |b N962/1970 
100 |a Melich Nubarov 
245 0 |a Lịch sử văn học Xô viết 
245 0 |c Melich Nubarov 
260 |a Hà Nội 
260 |b Giáo Dục 
260 |c 1970 
650 |a russian literature - history and criticism 
980 |a Trung tâm Học liệu Trường Đại học Cần Thơ